Transistor?... thật là đơn giản

Sparad:
Bibliografiska uppgifter
Huvudupphovsman: E Aisberg
Materialtyp: Bok
Språk:Undetermined
Publicerad: Hà Nội KHKT 1972
Ämnen:
Taggar: Lägg till en tagg
Inga taggar, Lägg till första taggen!
Thư viện lưu trữ: Trung tâm Học liệu Trường Đại học Cần Thơ
LEADER 00470nam a2200169Ia 4500
001 CTU_46358
008 210402s9999 xx 000 0 und d
082 |a 621.381528 
082 |b A299/1972 
100 |a E Aisberg 
245 0 |a Transistor?... thật là đơn giản 
245 0 |c E Aisberg, Đàm Trung Đồn 
260 |a Hà Nội 
260 |b KHKT 
260 |c 1972 
650 |a transistors 
980 |a Trung tâm Học liệu Trường Đại học Cần Thơ